| 000 | 00785cab a22001935a 4500 | ||
|---|---|---|---|
| 001 | L138097 | ||
| 008 | 070516e2007 xxka f 000 0 eng d | ||
| 035 | _a(Sirsi) u138097 | ||
| 041 | 0 | _aeng | |
| 100 | 1 | _aPilkington, Lisa | |
| 245 | 0 | 0 |
_aFocus _bEast Midlands update |
| 260 | _c2007 | ||
| 490 | 0 |
_aEstates Gazette _v(0719) 12 May 2007, 105-129(7) |
|
| 520 | _aDiscusses a large office pre-let in Nottingham, the East Midlands distribution market, and interest from public-sector occupiers in the speculative office market. Provides tables giving information on the East Midlands industrial agents' league and the Nottingham office agents' league. | ||
| 590 | _aKA | ||
| 651 | 4 | _aEAST MIDLANDS | |
| 690 | _aPROPERTY-COMMERCIAL PROPERTY-COMMERCIAL PROPERTY MARKET | ||
| 942 | _n0 | ||
| 999 |
_c78783 _d78783 |
||